| 000 | 00544nam a22001817a 4500 | ||
|---|---|---|---|
| 999 |
_c191036 _d191036 |
||
| 005 | 20220817163613.0 | ||
| 010 | _aENG-134460 | ||
| 020 |
_a9789382730446 _c1395.00 |
||
| 035 | _aEN-117992 | ||
| 037 | _bDBAD/PUB | ||
| 082 | _a658 | ||
| 100 | _aDeshmukh,Rajesh M. | ||
| 245 |
_aBusiness Organisation and Management/ _cby Rajesh M.Deshmukh |
||
| 260 |
_bGarima Prakashan _c2018 _aKanpur |
||
| 270 |
_a1st Floor Mayur Park Basant Vihar Naubasta, _bKanpur _e208021 |
||
| 300 |
_a340p. _c22cm(Hb) |
||
| 942 |
_2ddc _cEN _h658 _mDES |
||